LEADER 01056nam a2200265 i 4500 001 000000146067 003 CaOOAMICUS 005 20051215000000.0 008 051215s1990 it u000 u ita u 013 $a122748 020 $a88-71-72005-9 040 $aSeMil$bita 100 1 $aAnsaldo, Giovanni.$0(OLS)http://semarc/name/56762 245 10$aVecchie zie e altri mostri /$cGiovanni Ansaldo ; a cura di Giuseppe Marcenaro. 260 $aGenova :$bFerrari,$ccopyr. 1990. 300 $a459 p. ;$c21 cm. 500 $aSul dorso : 2. - Non è chiara l'appartenenza o meno ad una collana. - Fondo Ciprandi. 700 1 $aMarcenaro, Giuseppe.$0(OLS)http://semarc/name/31455 850 $aSeMil 852 $aSeMil$W1$xVenegono$y1$m1G VI 66$j98770$B98770$CSeMilBibl$Z2$F106991 $81 941 1 $a1 961 $aOmaggio: Ciprandi dott. Paolo 996 $6020$a88-71-72005-9$9(OLS)http://semarc/number/134532 996 $6245$aVecchie zie e altri mostri$9(OLS)http://semarc/title/213571 996 $6260$aGenova :$bFerrari$9(OLS)http://semarc/publisher/47702 LEADER 00904nab a2200145 i 4500 001 000000277560 003 CaOOAMICUS 005 20120730000000.0 008 120730n xx uu u0 0und r 013 $a28082 040 $aSeMil$bita 245 10$aStumbling Words for a Determined Young Lady :$bNotes on Ruth 2:7b ; When the Apostles became Kings : Ruling and Judging the Twelve Tribes of Israel ... ; Readers' Guide : Social Identity Theory and Biblical Interpretation... - Titoli dalla copertina. 500 $aAugust 2012. 773 0 $t[2012].$dThousand Oaks (California) : SAGE Publications, copyr. 2012.$w()211084 996 $6245$aStumbling Words for a Determined Young Lady :$bNotes on Ruth 2:7b ; When the Apostles became Kings : Ruling and Judging the Twelve Tribes of Israel ... ; Readers' Guide : Social Identity Theory and Biblical Interpretation... - Titoli dalla copertina.$9(OLS)http://semarc/title/362336 LEADER 01218nam a2200229 i 4500 001 000000073603 003 CaOOAMICUS 005 20230317145951.0 008 131021s1865 it u000 u ita u 040 $aSeMil$bita 100 1 $aPandolfini, Agnolo,$d<1363-1446>.$0(OLS)http://semarc/name/36379 245 13$aIl trattato del governo della famiglia /$cd'Agnolo Pandolfini ; ridotto a buona lezione con note filologiche in servigio de' giovani studiosi per uno da Parma ; e il Commentario della vita dell'autore scritto da Vespasiano da Bisticci. 260 $aParma :$bPietro Fiaccadori,$c1865. 300 $aXXXVI, 204 p. ;$c17 cm. 490 0 $aScelta di elegantissimi scrittori italiani antichi e moderni ;$v69 700 0 $aVespasiano : da Bisticci,$d<1421-1498>.$0(OLS)http://semarc/name/30449 830 0$aScelta di elegantissimi scrittori italiani antichi e moderni ;$v69.$0(OLS)http://semarc/title/33908 850 $aSeMil 852 $aSeMil$W1$xVenegono$y1$m2R I 49 FA$j39755$B39755$CSeMilBibl$Z2$F39759 $8I 996 $6245$aIl trattato del governo della famiglia$9(OLS)http://semarc/title/118845 996 $6260$aParma :$bPietro Fiaccadori$9(OLS)http://semarc/publisher/31450